Direcciones y teléfonos del personal de CELADE- San José
Guardat en:
| Autor corporatiu: | |
|---|---|
| Format: | Text |
| Publicat: |
s.l.e :
|
| Matèries: | |
| Etiquetes: |
Afegir etiqueta
Sense etiquetes, Sigues el primer a etiquetar aquest registre!
|
MARC
| LEADER | 00000 a a2200000 04500 | ||
|---|---|---|---|
| 001 | 15481 | ||
| 003 | |||
| 040 | |a CRAI/IIS |c CRAI/IIS | ||
| 090 | |a EXTRAVIADO | ||
| 110 | |a CELADE | ||
| 245 | |a Direcciones y teléfonos del personal de CELADE- San José | ||
| 260 | |a s.l.e : | ||
| 300 | |a 1 p. | ||
| 650 | |a DIRECTORIOS | ||
| 650 | |a CELADE | ||
| 999 | |c 7395 |d 7395 | ||
